000 00652nab a2200205 a 4500
005 20210219155517.0
008 991125s1985 mx 000 0 spa u
035 _aUPN01000146726
100 1 _aGil Pérez, Daniel
222 _aREVISTA DE EDUCACION
245 _a¿Cómo puede contribuir el proyecto PISA a la mejora de la enseñanza de las ciencias (y de otras áreas de conocimiento)?
260 _aMadrid, España
300 _a295-311
362 0 _a2006 No. extraordinario, mar.
653 0 _aCALIDAD EDUCATIVA
653 0 _aENSEÑANZA
653 0 _aINVESTIGACION CIENTIFICA
700 0 _aVilches, Amparo,
_ecoaut.
905 _aArticulo
999 _c118872
_d118872